000 00260nam a2200121Ia 4500
082 _a612.015
_bT10D
100 _a DEVASENA, T
245 _aTECHNIQES IN BIOCHEMISTRY
260 _bAHYA PUB. HOUSE
300 _a192
650 _aBIOCGHEMISTRY
942 _2ddc
_cBK
999 _c7086
_d7086